| 000 | 00000nam##2200000za#4500 |
| 001 | 9.694252 |
| 003 | CaOODSP |
| 005 | 20210624234031 |
| 007 | cr ||||||||||| |
| 008 | 150407|1998||||xxc|||||o f|0| 0 eng|d |
| 040 | |aCaOODSP|beng |
| 043 | |an-cn--- |
| 086 | 1 |aNH15-206/1998E-PDF |
| 110 | 2 |aCanada Mortgage and Housing Corporation. |
| 245 | 10|aCurbing cockroaches the least toxic way : |h[electronic resource]|ba practical guide for the control of cockroaches in houses and apartment buildings |
| 260 | |aOttawa - Ontario : |bCanada Mortgage and Housing Corporation |cc1998, re-printed 2005. |
| 300 | |a85p.|billus., references |
| 500 | |aThe catalogue number (NH15-206/1998E) and ISBN (0-660-17480-4) for the print edition have been incorrectly copied in this electronic publication. |
| 590 | |a11-05-Supp|b2011-03-15 |
| 775 | 08|tLe contrôle des coquerelles de la façon la moins toxique : |w(CaOODSP)9.638428 |
| 856 | 40|ahttp://publications.gc.ca|qPDF|s3.77 MB|uhttps://publications.gc.ca/collections/collection_2011/schl-cmhc/NH15-206-1998-eng.pdf |